| 000 | 00624nam a2200157 i 4500 | ||
|---|---|---|---|
| 001 | 57019 | ||
| 003 | ES-MaACL | ||
| 007 | t| | ||
| 008 | 031014m19421946sp ||||1| spa d | ||
| 100 | 1 |
_aDíez Blanco, Alejandro. _944680 |
|
| 245 | 1 | 0 |
_aEvolución del pensamiento filosófico _b: de Thales de Mileto a Martin Heidegger : [Historia de la Filosofía Contemporánea, siglos XIX y XX] / _cAlejandro Díez Blanco. |
| 260 |
_aSantander : _b[s.n, _c1942-1946] ( _fAldus Artes Gráficas) |
||
| 300 |
_a2 v. ; _c22 cm. |
||
| 500 | _aEl v. 2º aparece impreso en Valladolid, en la imprenta Castellana. | ||
| 852 |
_aES-MaACL _jE-2147-48 |
||
| 999 |
_c57019 _d57019 |
||